Tres deseos malignos /

Después de leer la etiqueta de advertencia, Hannah decidió que no abrirá la botella que encontró en las heladas aguas del lago Fear. Pero Jesse, su hermano menor, no tiene miedo y destapa la botella. Al hacerlo, deja salir a un genio que estuvo encerrado ahí durante cien años. ¡Y que está furioso! A...

Descripción completa

Guardado en:
Autor Principal: Stine, R. L.
Otros Autores: SEDET; trad.
Formato: Libro
Publicado: Barcelona : Emecé, 1998.
Series:Fantasmas de Fear Street ; 19
Materias:
Etiquetas: Agregar Etiqueta
Sin Etiquetas, Sea el primero en etiquetar este registro!
LEADER 01117nam a22002535a 4500
001 CEM.cems021130
008 240430s1998##################000#0#####d
005 20240430182926.0
245 1 0 |a Tres deseos malignos /  |c R. L. Stine ; traducido por SEDET. 
260 |a Barcelona :  |b Emecé,  |c 1998. 
300 |a 128 p. 
490 0 |a Fantasmas de Fear Street ;  |v 19 
520 |a Después de leer la etiqueta de advertencia, Hannah decidió que no abrirá la botella que encontró en las heladas aguas del lago Fear. Pero Jesse, su hermano menor, no tiene miedo y destapa la botella. Al hacerlo, deja salir a un genio que estuvo encerrado ahí durante cien años. ¡Y que está furioso! Ahora que es libre, el genio tiene planes. Planes terribles para Jesse y Hannah... 
020 |a 9500418916 
100 1 |a Stine, R. L. 
700 1 |a SEDET; trad. 
082 0 4 |a 813.5 
653 |a Literatura 
653 |a Literatura juvenil 
653 |a Novelas 
653 |a Novelas juveniles 
653 |a Literatura norteamericana 
653 |a Novelas de terror 
859 |a CEMS  |b BIB. CEMS - Inicial y Primaria  |h 813.5  |i St52-1  |k IP  |p 2310  |t Ej.1